000 00284nam a22001337a 4500
008 180919b xxu||||| |||| 00| 0 eng d
020 _a9783642048326
041 _aeng
080 _a510
100 _a37
101 _aMAT
245 _aFiguring IT Out
_cCrato.N
942 _2udc
_cBK
999 _c48068
_d48068